00780nam a2200229Ia 4500008004100000020001800041040001400059082001100073100002600084245005400110260003900164300002000203365002600223366000800249440004000257505001000297530003000307620008700337630005400424650001800478730005400496100315s9999 xx 000 0 und d a17 741003 5  cENGLISH  b8789  a"Fraser, john Munro " aPrinciples and Practice of Supervisory Management aLondon bThomas Nelson  c1974  a"viii, 120p  " eRupees d1 b0.00  f0  aStudies in Supervisory Management  gDBH  bDonated By RBI Library   a"Industrial Organisation , Organisation in Action, Job specification , Training " aPrinciples and Practice of Supervisory Management aSupervision  aPrinciples and Practice of Supervisory Management